Дело о студентах кандидатах правоведения

RUSMARC
00006121cbc2a2200000#x 450
0012216bfa2-2c15-4513-a657-82baa8b9c7fa
00520220323142138.0
100##$a20161019l18341834k l0rusy0189 ca
1010#$arus
102##$aRU
2001#$aДело о студентах кандидатах правоведения
$eпродолжение дела 1828 года
$hЧасть 2
$iОтпуск сумм на путевые издержки и на содержание студентов в Берлине, также о возвращении в Россию последних девяти студентов
$hОтделение 3
$iБумаги с января 1834 года
$j5 января - 7 ноября 1834 г.
251##$cДело
300##$aРукописный текст. Чернила
801#0$aRU
$bРГИА
$c20161019
801#1$aRU
$bГлавНИВЦ
$c20161019
$2rusmarc
801#2$aRU
$bПБ им. Б.Н. Ельцина
$c20170911
$gRCR
$2rusmarc
850##$aФедеральное казенное учреждение "Российский государственный исторический архив"
852##$aРГИА
$j7 г)
937##$hРГИА
$d12237819
$aASBIBLIO_SCAN
462#0$1001fd105331-b56c-4761-b2e5-7ce2af062809
$12001
$a1826-1850 гг. 1828 г.
$vД. 7 г)
$1251
$cОпись
$1852
$j1
$l1828 г.
461#0$1001b496cac4-a0a4-4a40-87e1-2448e1e72ec5
$12001
$aВторое отделение Собственной Его Императорского Величества Канцелярии
$1251
$cФонд
$1852
$j1261
215##$a94 листов
$d35,5х23 см
371##$aДокумент не является опубликованным и широко распространяемым
105##$ay###
1222#$ad18340105##
$ad18341107##
035##$a2216bfa2-2c15-4513-a657-82baa8b9c7fa
856##$uhttp://readingroom.main.prlib.ru/item.aspx?id_node=n104333514&mode=full
605##$2acquisition_Prlib
$3DITM\AF\0000003834
$aНарод
$lколлекция
605##$2acquisition_Prlib
$3DITM\AF\0000004461
$aРоссия и страны мира
$lколлекция
686##$a74.03(2)52ю11
$2rubbk
$vLBC/M
686##$a63.3(2)52-284.2ю11
$2rubbk
$vLBC/M
6061#$aЮридическое образование
$xИстория
$yРоссия
$jАрхивные дела
$2nlr_sh
$3RU\NLR\AUTH\661546125
6061#$aСтуденты-юристы
$jАрхивные дела
$2prlib_sh
$3LIBNET\UAF\0000099941
$xОбучение
$xФинансирование
617##$2prlib_sh
$aГермания
607##$2prlib_sh
$3LIBNET\UAF\0000099942
$aРоссия
$jАрхивные дела
$xНаучные связи
$yГермания
607##$aГермания
$jАрхивные дела
$xНаучные связи
$yРоссия
$2prlib_sh
$3LIBNET\UAF\0000099943
Формат отображения